Get the Picture: 'United' Countries Quiz Stats

 Plays Quiz Updated Oct 24, 2019

Score 0/15 Timer 02:30
1 Play Today
Question Answer Wrong Answers
The September 11 attacks that happened in this country sparked the Global War on Terrorism. United States
95.9%
United Kingdom
0.4%
United Arab Emirates
0.7%
The civil war between Union and Confederates occurred in this country during the 1860s. United States
95.2%
United Kingdom
1.4%
United Arab Emirates
0.5%
Only country whose head of state is not a monarch. United States
93.4%
United Kingdom
1.5%
United Arab Emirates
2.1%
Only country that never hosted Summer or Winter Olympics. United Arab Emirates
92.8%
United States
2.2%
United Kingdom
2%
This country was once under the Rashidun Caliphate during the 7th century. United Arab Emirates
92.5%
United States
1.2%
United Kingdom
3.3%
The tallest man-made structure in the world is currently located in this country. United Arab Emirates
91.6%
United States
4%
United Kingdom
1.7%
Argentina has a territorial dispute with Falkland Islands against this country. United Kingdom
90.8%
United States
4.2%
United Arab Emirates
2.1%
This country owned the largest empire in history with 35.5 million kmĀ². United Kingdom
87.8%
United States
3.1%
United Arab Emirates
6%
The largest city of this country has no address system, no zip codes and no area codes. United Arab Emirates
85.3%
United States
7.3%
United Kingdom
4.3%
The Great Smog of 1952 occurred in the capital of this country with 6,000 casualties. United Kingdom
84.1%
United States
5.7%
United Arab Emirates
7.4%
This country is the least populated among the three. United Arab Emirates
81%
United States
2.5%
United Kingdom
13.3%
Monrovia, capital city of Liberia, was named after the 5th head of government of this country. United States
65.6%
United Kingdom
11.5%
United Arab Emirates
20%
This country colonized the Philippines after the mock battle in Manila by the Spaniards. United States
60%
United Kingdom
31.1%
United Arab Emirates
5.9%
The Principality of Sealand is a micronation located 12 km off the coast of this country. United Kingdom
53.4%
United States
7.7%
United Arab Emirates
36.1%
This is the only country that has territorial claims in Antarctica. United Kingdom
52.4%
United States
42.5%
United Arab Emirates
2.5%

Today's Daily Dose

You're not logged in!

Compare scores with friends on all Sporcle quizzes.
OR
Log In

Sporcle TV

Today on Sporcle TV


Watch our educational content, quiz creation guides, and fun videos on Sporcle TV.

Show Comments

Extras

Top Quizzes Today


Score Distribution

Your Account Isn't Verified!

In order to create a playlist on Sporcle, you need to verify the email address you used during registration. Go to your Sporcle Settings to finish the process.

Report this User

Report this user for behavior that violates our Community Guidelines.

Details: